Normal view
MARC view
- Muhammad Yousaf Bin Ismail. Allama
Entry Personal Name
001 - CONTROL NUMBER
- control field: 78967
003 - CONTROL NUMBER IDENTIFIER
- control field: NUST
005 - DATE AND TIME OF LATEST TRANSACTION
- control field: 20210628210322.0
008 - FIXED-LENGTH DATA ELEMENTS
- fixed length control field: 210628|| aca||aabn | a|a d
040 ## - CATALOGING SOURCE
- Original cataloging agency: NUST
- Transcribing agency: NUST
100 ## - HEADING--PERSONAL NAME
- Personal name: Muhammad Yousaf Bin Ismail. Allama
670 ## - SOURCE DATA FOUND
- Source citation: Work cat.: (NUST): Muhammad Yousaf Bin Ismail. Allama, Sadaat-ul-darain fe salaat ala syed ul konain, 1999
